Countries by National Trauma #2 - Statistics

General Stats
  • This quiz has been taken 162 times
    130 since last reset
  • The average score is 10 of 16
Answer Stats
Year Trauma Country % Correct
1997 Death of a popular princess after a car crash in Paris United Kingdom
95%
1980 Invasion by Iraq Iran
93%
1939 Invasion by Germany, marking the beginning of WWII Poland
92%
1994 Peso crisis Mexico
89%
1968 Abolition of the Prague Spring Czech Republic
88%
1972 Terror attack at the Olympic Games, which were held in this country Germany
86%
1995 Srebrenica Massacre Bosnia and Herzegovina
75%
2011 77 people die in a mass shooting at a summer camp. Norway
75%
1976 Beginning of a 7-year military dictatorship, where 30.000 people disappeared. Some of them were drugged, and thrown into the Atlantic Ocean from a plane. Argentina
68%
1986 Assassination of their Prime Minister Olof Palme. The case is still unsolved. Sweden
60%
1975 Beginning of a 26-year civil war, immediately after gaining independence from Portugal Angola
58%
1920 Treaty of Trianon, which made them lose 72% of their territory Hungary
51%
1578 Battle of Alcácer Quibir. They lost their independence from Spain, and their king mysteriously disappeared. Portugal
46%
1995 Their soldiers were supposed to prevent the Srebrenica Massacre, but didn't. Their commander was seen drinking sparkling wine with Ratko Mladic. Netherlands
32%
1989 Almost qualified for the 1990 FIFA World Cup, but lost their last game against the USA. Trinidad and Tobago
11%
2010 Second civil war, only three years after the ending of their first civil war Ivory Coast
9%
No matching quizzes found
Score Distribution
Percent of People with Each Score
Percentile by Number Answered
Your Score History
You have not taken this quiz since the last reset